KOHA-Header-6

Innovation And Entrepreneurship (Record no. 6753)

000 -LEADER
fixed length control field 00233nam a2200109Ia 4500
020 ## - INTERNATIONAL STANDARD BOOK NUMBER
ISBN 9780750619080
100 ## - MAIN ENTRY--AUTHOR NAME
Personal name Peter F Drucker
245 #0 - TITLE STATEMENT
Title Innovation And Entrepreneurship
260 ## - PUBLICATION, DISTRIBUTION, ETC. (IMPRINT)
Place of publication UK
Name of publisher Sage
Year of publication 1996
300 ## - PHYSICAL DESCRIPTION
Number of Pages 258
942 ## - ADDED ENTRY ELEMENTS (KOHA)
Koha item type Books
Holdings
Withdrawn status Lost status Collection code Permanent Location Current Location Shelving location Date acquired Full call number Accession Number Koha item type
    Management MAJU MAJU   2019-09-11 332.09 180 Management

Powered by Koha